000 00989nam a2200289 i 4500
001 18317
003 DO-SdUEMH
005 20260112163635.0
007 ta
008 260112s2011 sp a|||gr|||| 00| 0dspa d
020 _a978849256531
040 _aDO-SdUEMH
_bspa
_erda
041 _aspa
082 1 4 _mCG
_bC335
100 1 _eaut
245 _aEstrategias Avanzadas de Compras y Aprovisionamientos:
_blean buying y outsourcing /
_cAugust Casanovas
250 _aSegunda edición
264 1 _aBarcelona, España :
_bProfit Editorial Inmobiliaria, S.L.
_c2011
264 4 _c©2011
300 _a154 páginas :
_bilustraciones ;
_c22 cm.
336 _2rdacontent
_atexto
_btxt
337 _2rdamedia
_asin mediación
_bn
338 _2rdacarrier
_avolumen
_bnc
504 _aContiene Información Bibliográfica a Final de la Obra.
505 2 _aEstrategia de Compras -- Outsourcing y subcontración -- Modelos Organizativos de Gestión de Compras -- Lean Buying.
942 _2ddc
_cBK
_n0
999 _c18317
_d18317